Statistiken für Alle Nr.-1-Hits in Deutschland seit 2000

Klicken Sie hier um das Quiz zu spielen!

Allgemein

  • Dieses Quiz wurde 190 mal gespielt
    (64 seit der letzten Aktualisierung)
  • Das Durchschnittsergebnis liegt bei 70 aus 374

Antwortstatistiken

TitelJahrInterpretTitel% Korrekt
Alle Nr.-1-Hits in Deutschland seit 20002005Tokio HotelDurch den Monsun
62%
Alle Nr.-1-Hits in Deutschland seit 20002023Udo Lindenberg & Apache 207Komet
58%
Alle Nr.-1-Hits in Deutschland seit 20002019Apache 207Roller
58%
Alle Nr.-1-Hits in Deutschland seit 20002015AdeleHello
56%
Alle Nr.-1-Hits in Deutschland seit 20002010Lena Meyer-LandrutSatellite
54%
Alle Nr.-1-Hits in Deutschland seit 20002007DJ Ötzi & Nik P.Ein Stern (... der deinen Namen trägt)
52%
Alle Nr.-1-Hits in Deutschland seit 20002001Eminem feat. DidoStan
52%
Alle Nr.-1-Hits in Deutschland seit 20002001Shaggy feat. RayvonAngel
50%
Alle Nr.-1-Hits in Deutschland seit 20002000Anton feat. DJ ÖtziAnton aus Tirol
50%
Alle Nr.-1-Hits in Deutschland seit 20002005Schnappi, das kleine KrokodilSchnappi
50%
Alle Nr.-1-Hits in Deutschland seit 20002014Aneta SablikThe One
50%
Alle Nr.-1-Hits in Deutschland seit 20002022Nina ChubaWildberry Lillet
50%
Alle Nr.-1-Hits in Deutschland seit 20002023Miley CyrusFlowers
48%
Alle Nr.-1-Hits in Deutschland seit 20002000Stefan Raab & Truck StopMaschen-Draht-Zaun
48%
Alle Nr.-1-Hits in Deutschland seit 20002009Lady GagaPoker Face
48%
Alle Nr.-1-Hits in Deutschland seit 20002007Rihanna feat. Jay-ZUmbrella
48%
Alle Nr.-1-Hits in Deutschland seit 20002022Peter Fox feat. InézZukunft Pink
48%
Alle Nr.-1-Hits in Deutschland seit 20002019RammsteinDeutschland
46%
Alle Nr.-1-Hits in Deutschland seit 20002023Ski Aggu feat. Joost & Otto WaalkesFriesenjung
46%
Alle Nr.-1-Hits in Deutschland seit 20002021Wham!Last Christmas
46%
Alle Nr.-1-Hits in Deutschland seit 20002002Herbert GrönemeyerMensch
46%
Alle Nr.-1-Hits in Deutschland seit 20002017Ed SheeranShape of You
46%
Alle Nr.-1-Hits in Deutschland seit 20002012PsyGangnam Style
44%
Alle Nr.-1-Hits in Deutschland seit 20002014Pharrell WiliamsHappy
44%
Alle Nr.-1-Hits in Deutschland seit 20002011AdeleRolling in the Deep
42%
Alle Nr.-1-Hits in Deutschland seit 20002010Shakira feat. FreshlygroundWaka Waka (This Time for Africa)
42%
Alle Nr.-1-Hits in Deutschland seit 20002022RammsteinZeit
42%
Alle Nr.-1-Hits in Deutschland seit 20002008Polarkreis 18Allein Allein
40%
Alle Nr.-1-Hits in Deutschland seit 20002014Andreas BouraniAuf uns
40%
Alle Nr.-1-Hits in Deutschland seit 20002020Joker Bra & VizeBaby
40%
Alle Nr.-1-Hits in Deutschland seit 20002017Luis Fonsi feat. Daddy YankeeDespacito
40%
Alle Nr.-1-Hits in Deutschland seit 20002022DJ Robin & SchürzeLayla
40%
Alle Nr.-1-Hits in Deutschland seit 20002002Las KetchupThe Ketchup Song (Aserejé)
40%
Alle Nr.-1-Hits in Deutschland seit 20002019Juju feat. Henning MayVermissen
40%
Alle Nr.-1-Hits in Deutschland seit 20002006Sportfreunde Stiller'54, '74, '90, 2006
38%
Alle Nr.-1-Hits in Deutschland seit 20002006Shakira feat. Wyclef JeanHips Don't Lie
38%
Alle Nr.-1-Hits in Deutschland seit 20002016Rag 'n' Bone ManHuman
38%
Alle Nr.-1-Hits in Deutschland seit 20002015NamikaLieblingsmensch
38%
Alle Nr.-1-Hits in Deutschland seit 20002012Marteria, Yasha & Miss PlatnumLila Wolken
38%
Alle Nr.-1-Hits in Deutschland seit 20002012Die Toten HosenTage wie diese
38%
Alle Nr.-1-Hits in Deutschland seit 20002000Boomfunk MC'sFreestyler
37%
Alle Nr.-1-Hits in Deutschland seit 20002011Bruno MarsGrenade
37%
Alle Nr.-1-Hits in Deutschland seit 20002007Culcha CandelaHamma!
37%
Alle Nr.-1-Hits in Deutschland seit 20002008Katy PerryI Kissed a Girl
37%
Alle Nr.-1-Hits in Deutschland seit 20002005US5Maria
37%
Alle Nr.-1-Hits in Deutschland seit 20002001OutKastMs. Jackson
37%
Alle Nr.-1-Hits in Deutschland seit 20002000ATCAround The World (La La La La La)
35%
Alle Nr.-1-Hits in Deutschland seit 20002012LoreenEuphoria
35%
Alle Nr.-1-Hits in Deutschland seit 20002000Zlatko & JürgenGroßer Bruder
35%
Alle Nr.-1-Hits in Deutschland seit 20002010KeshaTik Tok
35%
Alle Nr.-1-Hits in Deutschland seit 20002010K'naanWavin' Flag
35%
Alle Nr.-1-Hits in Deutschland seit 20002002ShakiraWhenever, Wherever
35%
Alle Nr.-1-Hits in Deutschland seit 20002003t.A.T.u.All the Things She Said
33%
Alle Nr.-1-Hits in Deutschland seit 20002022Harry StylesAs It Was
33%
Alle Nr.-1-Hits in Deutschland seit 20002015Sido feat. Andreas BouraniAstronaut
33%
Alle Nr.-1-Hits in Deutschland seit 20002010Lady GagaBad Romance
33%
Alle Nr.-1-Hits in Deutschland seit 20002008Leona LewisBleeding Love
33%
Alle Nr.-1-Hits in Deutschland seit 20002019Tones and IDance Monkey
33%
Alle Nr.-1-Hits in Deutschland seit 20002006SilbermondDas Beste
33%
Alle Nr.-1-Hits in Deutschland seit 20002001No AngelsDaylight In Your Eyes
33%
Alle Nr.-1-Hits in Deutschland seit 20002013Daft Punk feat. Pharrell WilliamsGet Lucky
33%
Alle Nr.-1-Hits in Deutschland seit 20002012Lykke LiI Follow Rivers (The Magician Remix)
33%
Alle Nr.-1-Hits in Deutschland seit 20002009Emilíana TorriniJungle Drum
33%
Alle Nr.-1-Hits in Deutschland seit 20002008DuffyMercy
33%
Alle Nr.-1-Hits in Deutschland seit 20002001EnyaOnly Time
33%
Alle Nr.-1-Hits in Deutschland seit 20002017Kay One feat. Pietro LombardiSeñorita
33%
Alle Nr.-1-Hits in Deutschland seit 20002019Shawn Mendes & Camila CabelloSeñorita
33%
Alle Nr.-1-Hits in Deutschland seit 20002010Israel KamakawiwoʻoleSomewhere over the Rainbow / What a Wonderful World
33%
Alle Nr.-1-Hits in Deutschland seit 2000200550 Cent feat. OliviaCandy Shop
31%
Alle Nr.-1-Hits in Deutschland seit 20002012RihannaDiamonds
31%
Alle Nr.-1-Hits in Deutschland seit 20002016Alan WalkerFaded
31%
Alle Nr.-1-Hits in Deutschland seit 20002003Yvonne CatterfeldFür dich
31%
Alle Nr.-1-Hits in Deutschland seit 2000200350 CentIn da Club
31%
Alle Nr.-1-Hits in Deutschland seit 20002007Die ÄrzteJunge
31%
Alle Nr.-1-Hits in Deutschland seit 20002011Alexandra StanMr. Saxobeat
31%
Alle Nr.-1-Hits in Deutschland seit 20002006Texas LightningNo No Never
31%
Alle Nr.-1-Hits in Deutschland seit 20002017BausaWas du Liebe nennst
31%
Alle Nr.-1-Hits in Deutschland seit 20002003The Black Eyed PeasWhere Is The Love?
31%
Alle Nr.-1-Hits in Deutschland seit 20002010StromaeAlors on danse
29%
Alle Nr.-1-Hits in Deutschland seit 20002015OmiCheerleader (Felix Jaehn Remix)
29%
Alle Nr.-1-Hits in Deutschland seit 20002001Sarah ConnorFrom Sarah with Love
29%
Alle Nr.-1-Hits in Deutschland seit 20002009Lady GagaPaparazzi
29%
Alle Nr.-1-Hits in Deutschland seit 20002013Will.i.am & Britney SpearsScream & Shout
29%
Alle Nr.-1-Hits in Deutschland seit 20002021The Kid Laroi & Justin BieberStay
29%
Alle Nr.-1-Hits in Deutschland seit 20002013AviciiWake Me Up
29%
Alle Nr.-1-Hits in Deutschland seit 20002021MåneskinBeggin'
27%
Alle Nr.-1-Hits in Deutschland seit 20002013Robin Thicke feat. T.I. & PharrellBlurred Lines
27%
Alle Nr.-1-Hits in Deutschland seit 20002001Crazy TownButterfly
27%
Alle Nr.-1-Hits in Deutschland seit 20002016Sia feat. Sean PaulCheap Thrills
27%
Alle Nr.-1-Hits in Deutschland seit 20002005Pussycat Dolls feat. Busta RhymesDon't Cha
27%
Alle Nr.-1-Hits in Deutschland seit 20002013AviciiHey Brother
27%
Alle Nr.-1-Hits in Deutschland seit 20002008Katy PerryHot n Cold
27%
Alle Nr.-1-Hits in Deutschland seit 20002001Christina Aguilera, Lil' Kim, Mýa, Pink & Missy ElliottLady Marmalade
27%
Alle Nr.-1-Hits in Deutschland seit 20002013PassengerLet Her Go
27%
Alle Nr.-1-Hits in Deutschland seit 20002017Ed SheeranPerfect
27%
Alle Nr.-1-Hits in Deutschland seit 20002015Wiz Khalifa feat. Charlie PuthSee You Again
27%
Alle Nr.-1-Hits in Deutschland seit 20002006Justin TimberlakeSexyBack
27%
Alle Nr.-1-Hits in Deutschland seit 20002012AdeleSkyfall
27%
Alle Nr.-1-Hits in Deutschland seit 20002015KwabsWalk
27%
Alle Nr.-1-Hits in Deutschland seit 20002007Timbaland presents One RepublicApologize
25%
Alle Nr.-1-Hits in Deutschland seit 20002001AfromanBecause I Got High
25%
Alle Nr.-1-Hits in Deutschland seit 20002020The WeekndBlinding Lights
25%
Alle Nr.-1-Hits in Deutschland seit 20002004Eric PrydzCall On Me
25%
Alle Nr.-1-Hits in Deutschland seit 20002012Olly Murs feat. Rizzle KicksHeart Skips a Beat
25%
Alle Nr.-1-Hits in Deutschland seit 20002013P!nk feat. Nate RuessJust Give Me a Reason
25%
Alle Nr.-1-Hits in Deutschland seit 20002005MarioLet Me Love You
25%
Alle Nr.-1-Hits in Deutschland seit 20002016DJ Snake feat. Justin BieberLet Me Love You
25%
Alle Nr.-1-Hits in Deutschland seit 20002011Jennifer Lopez feat. PitbullOn the Floor
25%
Alle Nr.-1-Hits in Deutschland seit 20002011LMFAO feat. Lauren Bennett & GoonRockParty Rock Anthem
25%
Alle Nr.-1-Hits in Deutschland seit 20002013Capital CitiesSafe and Sound
25%
Alle Nr.-1-Hits in Deutschland seit 20002011Gotye feat. KimbraSomebody That I Used to Know
25%
Alle Nr.-1-Hits in Deutschland seit 20002014Mr. ProbzWaves (Robin Schulz Remix)
25%
Alle Nr.-1-Hits in Deutschland seit 20002008Madonna feat. Justin Timberlake & Timbaland4 Minutes
23%
Alle Nr.-1-Hits in Deutschland seit 20002014Meghan TrainorAll About That Bass
23%
Alle Nr.-1-Hits in Deutschland seit 20002004Oomph!Augen auf!
23%
Alle Nr.-1-Hits in Deutschland seit 20002006MattafixBig City Life
23%
Alle Nr.-1-Hits in Deutschland seit 20002001Kylie MinogueCan't Get You Out of My Head
23%
Alle Nr.-1-Hits in Deutschland seit 20002011Lucenzo feat. Don OmarDanza Kuduro
23%
Alle Nr.-1-Hits in Deutschland seit 20002007Plain White T'sHey There Delilah
23%
Alle Nr.-1-Hits in Deutschland seit 20002022David Guetta & Bebe RexhaI'm Good (Blue)
23%
Alle Nr.-1-Hits in Deutschland seit 20002000Santana feat. The Product G&BMaria Maria
23%
Alle Nr.-1-Hits in Deutschland seit 20002013Beatrice EgliMein Herz
23%
Alle Nr.-1-Hits in Deutschland seit 20002017Axwell Λ IngrossoMore Than You Know
23%
Alle Nr.-1-Hits in Deutschland seit 20002013Pitbull feat. KeshaTimber
23%
Alle Nr.-1-Hits in Deutschland seit 20002011Lana Del ReyVideo Games
23%
Alle Nr.-1-Hits in Deutschland seit 20002021Nathan EvansWellerman
23%
Alle Nr.-1-Hits in Deutschland seit 20002007HöhnerWenn nicht jetzt, wann dann?
23%
Alle Nr.-1-Hits in Deutschland seit 20002002EminemWithout Me
23%
Alle Nr.-1-Hits in Deutschland seit 20002004Usher feat. Ludacris & Lil JonYeah!
23%
Alle Nr.-1-Hits in Deutschland seit 20002006Herbert Grönemeyer feat. Amadou & MariamZeit, dass sich was dreht
23%
Alle Nr.-1-Hits in Deutschland seit 20002000MadonnaAmerican Pie
21%
Alle Nr.-1-Hits in Deutschland seit 20002020Apache 207Bläulich
21%
Alle Nr.-1-Hits in Deutschland seit 20002002Die Gerd ShowDer Steuersong (Las Kanzlern)
21%
Alle Nr.-1-Hits in Deutschland seit 20002002Nelly feat. Kelly RowlandDilemma
21%
Alle Nr.-1-Hits in Deutschland seit 20002004O-ZoneDragostea din tei
21%
Alle Nr.-1-Hits in Deutschland seit 20002019Shirin DavidGib ihm
21%
Alle Nr.-1-Hits in Deutschland seit 20002021Olivia RodrigoGood 4 U
21%
Alle Nr.-1-Hits in Deutschland seit 20002005MadonnaHung Up
21%
Alle Nr.-1-Hits in Deutschland seit 20002003RZA feat. Xavier NaidooIch kenne nichts (das so schön ist wie du)
21%
Alle Nr.-1-Hits in Deutschland seit 20002000HIMJoin Me (In Death)
21%
Alle Nr.-1-Hits in Deutschland seit 20002005AkonLonely
21%
Alle Nr.-1-Hits in Deutschland seit 20002015Ellie GouldingLove Me like You Do
21%
Alle Nr.-1-Hits in Deutschland seit 20002001Dante Thomas feat. Pras MichelMiss California
21%
Alle Nr.-1-Hits in Deutschland seit 20002019Lil Nas XOld Town Road
21%
Alle Nr.-1-Hits in Deutschland seit 20002008P!nkSo What
21%
Alle Nr.-1-Hits in Deutschland seit 20002018KitschKrieg feat. Trettmann, Gringo, Ufo361 & GzuzStandard
21%
Alle Nr.-1-Hits in Deutschland seit 20002000RednexThe Spirit of the Hawk
21%
Alle Nr.-1-Hits in Deutschland seit 20002014CroTraum
21%
Alle Nr.-1-Hits in Deutschland seit 20002011Rihanna feat. Calvin HarrisWe Found Love
21%
Alle Nr.-1-Hits in Deutschland seit 20002003DidoWhite Flag
21%
Alle Nr.-1-Hits in Deutschland seit 20002015Felix Jaehn feat. Jasmine ThompsonAin't Nobody (Loves Me Better)
19%
Alle Nr.-1-Hits in Deutschland seit 20002009Robbie WilliamsBodies
19%
Alle Nr.-1-Hits in Deutschland seit 20002007RihannaDon't Stop the Music
19%
Alle Nr.-1-Hits in Deutschland seit 20002007Alex C. feat Y-asssDu hast den schönsten Arsch der Welt
19%
Alle Nr.-1-Hits in Deutschland seit 20002000ChristianEs ist geil, ein Arschloch zu sein
19%
Alle Nr.-1-Hits in Deutschland seit 20002001Uncle KrackerFollow Me
19%
Alle Nr.-1-Hits in Deutschland seit 20002018DrakeGod's Plan
19%
Alle Nr.-1-Hits in Deutschland seit 20002009Keri HilsonI Like
19%
Alle Nr.-1-Hits in Deutschland seit 20002006Bob Sinclair presents Goleo VI feat. Gary "Nesta" PineLove Generation
19%
Alle Nr.-1-Hits in Deutschland seit 20002004AventuraObsesión
19%
Alle Nr.-1-Hits in Deutschland seit 20002016Drake feat. WIzKid & KylaOne Dance
19%
Alle Nr.-1-Hits in Deutschland seit 20002012Asaf Avidan & the MojosOne Day / Reckoning Song (Wankelmut Remix)
19%
Alle Nr.-1-Hits in Deutschland seit 20002009Ich + IchPflaster
19%
Alle Nr.-1-Hits in Deutschland seit 20002014Lilly Wood & the Prick and Robin SchulzPrayer in C (Robin Schulz Remix)
19%
Alle Nr.-1-Hits in Deutschland seit 20002022GayleAbcdefu
17%
Alle Nr.-1-Hits in Deutschland seit 20002012Michel TelóAi Se Eu Te Pego!
17%
Alle Nr.-1-Hits in Deutschland seit 20002008Kid RockAll Summer Long
17%
Alle Nr.-1-Hits in Deutschland seit 20002021Ed SheeranBad Habits
17%
Alle Nr.-1-Hits in Deutschland seit 20002007Beyoncé & ShakiraBeautiful Liar
17%
Alle Nr.-1-Hits in Deutschland seit 20002011Lady GagaBorn This Way
17%
Alle Nr.-1-Hits in Deutschland seit 20002014David Guetta feat. Sam MartinDangerous
17%
Alle Nr.-1-Hits in Deutschland seit 20002018Dynoro & Gigi D'AgostinoIn My Mind
17%
Alle Nr.-1-Hits in Deutschland seit 20002018Namika feat. Black MJe ne parle pas français (Beatgees Remix)
17%
Alle Nr.-1-Hits in Deutschland seit 20002005NenaLiebe ist
17%
Alle Nr.-1-Hits in Deutschland seit 20002018Olexesh feat. EdinMagisch
17%
Alle Nr.-1-Hits in Deutschland seit 20002018Calvin Harris & Dua LipaOne Kiss
17%
Alle Nr.-1-Hits in Deutschland seit 20002018Ava MaxSweet but Psycho
17%
Alle Nr.-1-Hits in Deutschland seit 20002010Empire of the SunWe Are the People
17%
Alle Nr.-1-Hits in Deutschland seit 20002014Marlon RoudetteWhen the Beat Drops Out
17%
Alle Nr.-1-Hits in Deutschland seit 20002019Mariah CareyAll I Want for Christmas Is You
15%
Alle Nr.-1-Hits in Deutschland seit 20002022LucianoBeautiful Girl
15%
Alle Nr.-1-Hits in Deutschland seit 20002016ImanyDon't Be So Shy (Filatov & Karas Remix)
15%
Alle Nr.-1-Hits in Deutschland seit 20002011Aura DioneGeronimo
15%
Alle Nr.-1-Hits in Deutschland seit 20002007MonroseHot Summer
15%
Alle Nr.-1-Hits in Deutschland seit 20002003The RasmusIn the Shadows
15%
Alle Nr.-1-Hits in Deutschland seit 20002005JuanesLa camisa negra
15%
Alle Nr.-1-Hits in Deutschland seit 20002000Die 3. GenerationLeb!
15%
Alle Nr.-1-Hits in Deutschland seit 20002014David Guetta feat. Sam MartinLovers on the Sun
15%
Alle Nr.-1-Hits in Deutschland seit 20002000Britney SpearsLucky
15%
Alle Nr.-1-Hits in Deutschland seit 20002011Marlon RoudetteNew Age
15%
Alle Nr.-1-Hits in Deutschland seit 20002018Capital Bra feat. Ufo361Neymar
15%
Alle Nr.-1-Hits in Deutschland seit 20002016Clean Bandit feat. Sean Paul & Anne-MarieRockabye
15%
Alle Nr.-1-Hits in Deutschland seit 20002022Miksu/Macloud & T-LowSehnsucht
15%
Alle Nr.-1-Hits in Deutschland seit 20002009David Guetta feat. AkonSexy Bitch
15%
Alle Nr.-1-Hits in Deutschland seit 20002021Ed SheeranShivers
15%
Alle Nr.-1-Hits in Deutschland seit 20002015James Newton Howard feat. Jennifer LawrenceThe Hanging Tree
15%
Alle Nr.-1-Hits in Deutschland seit 20002012Alex ClareToo Close
15%
Alle Nr.-1-Hits in Deutschland seit 20002013CroWhatever
15%
Alle Nr.-1-Hits in Deutschland seit 20002001Atomic KittenWhole Again
15%
Alle Nr.-1-Hits in Deutschland seit 20002019Capital Bra, Samra & Lea110
13%
Alle Nr.-1-Hits in Deutschland seit 20002018Bonez MC & RAF Camora500 PS
13%
Alle Nr.-1-Hits in Deutschland seit 20002006Nelly FurtadoAll Good Things (Come to an End)
13%
Alle Nr.-1-Hits in Deutschland seit 20002023RAF Camora feat. LucianoAll Night
13%
Alle Nr.-1-Hits in Deutschland seit 20002018Capital BraBerlin lebt
13%
Alle Nr.-1-Hits in Deutschland seit 20002009James Morrison feat. Nelly FurtadoBroken Strings
13%
Alle Nr.-1-Hits in Deutschland seit 20002018Marshmello & Anne-MarieFriends
13%
Alle Nr.-1-Hits in Deutschland seit 20002011Flo RidaGood Feeling
13%
Alle Nr.-1-Hits in Deutschland seit 20002001Bro'SisI Believe
13%
Alle Nr.-1-Hits in Deutschland seit 20002006Scissor SistersI Don't Feel Like Dancin'
13%
Alle Nr.-1-Hits in Deutschland seit 20002009Marit LarsenIf a Song Could Get Me You
13%
Alle Nr.-1-Hits in Deutschland seit 20002009Aura DioneI Will Love You Monday (365)
13%
Alle Nr.-1-Hits in Deutschland seit 20002013KlingandeJubel
13%
Alle Nr.-1-Hits in Deutschland seit 20002008SchnuffelKuschel Song
13%
Alle Nr.-1-Hits in Deutschland seit 20002002Mad'HouseLike a Prayer
13%
Alle Nr.-1-Hits in Deutschland seit 20002021Bausa feat. Apache 207Madonna
13%
Alle Nr.-1-Hits in Deutschland seit 2000202024kGoldn feat. Ian DiorMood
13%
Alle Nr.-1-Hits in Deutschland seit 20002009RammsteinPussy
13%
Alle Nr.-1-Hits in Deutschland seit 20002015Die ÄrzteSchrei nach Liebe
13%
Alle Nr.-1-Hits in Deutschland seit 20002003The Black Eyed PeasShut Up
13%
Alle Nr.-1-Hits in Deutschland seit 20002018Clean Bandit feat. Demi LovatoSolo
13%
Alle Nr.-1-Hits in Deutschland seit 20002015Robin Schulz feat. Francesco YatesSugar
13%
Alle Nr.-1-Hits in Deutschland seit 20002004Nu PagadiSweetest Poison
13%
Alle Nr.-1-Hits in Deutschland seit 20002013Jason Derulo feat. 2 ChainzTalk Dirty
13%
Alle Nr.-1-Hits in Deutschland seit 20002003Deutschland sucht den SuperstarWe Have a Dream
13%
Alle Nr.-1-Hits in Deutschland seit 20002022T-Low & Miksu/MacloudWe Made It
13%
Alle Nr.-1-Hits in Deutschland seit 20002010Yolanda Be Cool & DCUPWe No Speak Americano
13%
Alle Nr.-1-Hits in Deutschland seit 20002022RammsteinZick Zack
13%
Alle Nr.-1-Hits in Deutschland seit 20002018Capital Bra5 Songs in einer Nacht
12%
Alle Nr.-1-Hits in Deutschland seit 20002003Martin KesiciAngel of Berlin
12%
Alle Nr.-1-Hits in Deutschland seit 20002015CroBye Bye
12%
Alle Nr.-1-Hits in Deutschland seit 20002004MaxCan't Wait Until Tonight
12%
Alle Nr.-1-Hits in Deutschland seit 20002021Kummer feat. Fred RabeDer letzte Song (Alles wird gut)
12%
Alle Nr.-1-Hits in Deutschland seit 20002014Band Aid 30 GermanyDo They Know It's Christmas? (Deutsche Version)
12%
Alle Nr.-1-Hits in Deutschland seit 20002019Eno feat. MeroFerrari
12%
Alle Nr.-1-Hits in Deutschland seit 20002004EamonF**k It (I Don't Want You Back)
12%
Alle Nr.-1-Hits in Deutschland seit 20002005Sarah ConnorFrom Zero to Hero
12%
Alle Nr.-1-Hits in Deutschland seit 20002006Eros Ramazotti & AnastaciaI Belong to You (Il ritmo della passione)
12%
Alle Nr.-1-Hits in Deutschland seit 20002004Mario Winans feat. Enya und P. DiddyI Don't Wanna Know
12%
Alle Nr.-1-Hits in Deutschland seit 20002009SilbermondIrgendwas bleibt
12%
Alle Nr.-1-Hits in Deutschland seit 20002006Tobias RegnerI Still Burn
12%
Alle Nr.-1-Hits in Deutschland seit 20002018Bonez MC & RAF Camora feat. GzuzKokain
12%
Alle Nr.-1-Hits in Deutschland seit 20002009The Black Eyed PeasMeet Me Halfway
12%
Alle Nr.-1-Hits in Deutschland seit 20002022DomizianaOhne Benzin
12%
Alle Nr.-1-Hits in Deutschland seit 20002015Calvin Harris feat. Ellie GouldingOutside
12%
Alle Nr.-1-Hits in Deutschland seit 20002006Take ThatPatience
12%
Alle Nr.-1-Hits in Deutschland seit 20002006MonroseShame
12%
Alle Nr.-1-Hits in Deutschland seit 20002023Ayliva feat. MeroSie weiß
12%
Alle Nr.-1-Hits in Deutschland seit 20002016EffStimme
12%
Alle Nr.-1-Hits in Deutschland seit 20002011The Black Eyed PeasThe Time (Dirty Bit)
12%
Alle Nr.-1-Hits in Deutschland seit 20002016David Guetta feat. Zara LarssonThis One's for You
12%
Alle Nr.-1-Hits in Deutschland seit 20002019MeroWolke 10
12%
Alle Nr.-1-Hits in Deutschland seit 20002021MontezAuf & ab
10%
Alle Nr.-1-Hits in Deutschland seit 20002018MeroBaller los
10%
Alle Nr.-1-Hits in Deutschland seit 20002013James BluntBonfire Heart
10%
Alle Nr.-1-Hits in Deutschland seit 20002003DJ Ötzi feat. Eric DikebBurger Dance
10%
Alle Nr.-1-Hits in Deutschland seit 20002011Pietro LombardiCall My Name
10%
Alle Nr.-1-Hits in Deutschland seit 20002013Faul & Wad Ad vs. PnauChanges
10%
Alle Nr.-1-Hits in Deutschland seit 20002021AdeleEasy on Me
10%
Alle Nr.-1-Hits in Deutschland seit 20002014The AvenerFade Out Lines
10%
Alle Nr.-1-Hits in Deutschland seit 20002020Apache 207Fame
10%
Alle Nr.-1-Hits in Deutschland seit 20002008Shaggy feat. Trix & FlixFeel the Rush (Mascots Song)
10%
Alle Nr.-1-Hits in Deutschland seit 20002005Melanie CFirst Day of My Life
10%
Alle Nr.-1-Hits in Deutschland seit 20002008RosenstolzGib mir Sonne
10%
Alle Nr.-1-Hits in Deutschland seit 20002021Katja Krasavice feat. ElifHighway
10%
Alle Nr.-1-Hits in Deutschland seit 20002023Twenty4timIcecream
10%
Alle Nr.-1-Hits in Deutschland seit 20002003Lumidee feat. Busta Rhymes & FabolousNever Leave You (Uh Oooh)
10%
Alle Nr.-1-Hits in Deutschland seit 20002007Azad feat. Adel TawilPrison Break Anthem (Ich glaub' an dich)
10%
Alle Nr.-1-Hits in Deutschland seit 20002021Katja Krasavice feat. LeonyRaindrops
10%
Alle Nr.-1-Hits in Deutschland seit 20002014Clean Bandit feat. Jesse GlynneRather Be
10%
Alle Nr.-1-Hits in Deutschland seit 20002006Tokio HotelRette mich
10%
Alle Nr.-1-Hits in Deutschland seit 20002003OvergroundSchick mir 'nen Engel
10%
Alle Nr.-1-Hits in Deutschland seit 20002019Capital Bra & SamraTilidin
10%
Alle Nr.-1-Hits in Deutschland seit 20002020KitschKrieg feat. JamuleUnterwegs
10%
Alle Nr.-1-Hits in Deutschland seit 20002020Apache 207Unterwegs
10%
Alle Nr.-1-Hits in Deutschland seit 20002003Daniel K.You Drive Me Crazy
10%
Alle Nr.-1-Hits in Deutschland seit 20002009Daniel SchuhmacherAnything but Love
8%
Alle Nr.-1-Hits in Deutschland seit 20002015Lost FrequenciesAre You with Me
8%
Alle Nr.-1-Hits in Deutschland seit 20002018Capital BraBenzema
8%
Alle Nr.-1-Hits in Deutschland seit 20002018SamraCataleya
8%
Alle Nr.-1-Hits in Deutschland seit 20002006Xavier NaidooDanke
8%
Alle Nr.-1-Hits in Deutschland seit 20002019KC Rebell feat. Summer Cem & Capital BraDNA
8%
Alle Nr.-1-Hits in Deutschland seit 20002019ShindyDodi
8%
Alle Nr.-1-Hits in Deutschland seit 20002001Depeche ModeDream On
8%
Alle Nr.-1-Hits in Deutschland seit 20002021Shirin DavidIch darf das
8%
Alle Nr.-1-Hits in Deutschland seit 20002000ZlatkoIch vermiss dich ... (wie die Hölle)
8%
Alle Nr.-1-Hits in Deutschland seit 20002019Nimo & HavaKein Schlaf
8%
Alle Nr.-1-Hits in Deutschland seit 20002020Juju & Loredana feat. Miksu / MacloudKein Wort
8%
Alle Nr.-1-Hits in Deutschland seit 20002008Thomas GodojLove Is You
8%
Alle Nr.-1-Hits in Deutschland seit 20002003Sarah Connor feat. Naturally 7Music Is the Key
8%
Alle Nr.-1-Hits in Deutschland seit 20002000French AffairMy Heart Goes Boom (La Di Da Di)
8%
Alle Nr.-1-Hits in Deutschland seit 20002002ScooterNessaja
8%
Alle Nr.-1-Hits in Deutschland seit 20002018Capital BraOne Night Stand
8%
Alle Nr.-1-Hits in Deutschland seit 20002021Katja KrasavicePussy Power
8%
Alle Nr.-1-Hits in Deutschland seit 20002021PashanimSommergewitter
8%
Alle Nr.-1-Hits in Deutschland seit 20002017Kollegah & Farid BangSturmmaske auf (Intro)
8%
Alle Nr.-1-Hits in Deutschland seit 20002003AlexanderTake Me Tonight
8%
Alle Nr.-1-Hits in Deutschland seit 20002001No AngelsThere Must Be an Angel (Playing with My Heart)
8%
Alle Nr.-1-Hits in Deutschland seit 20002019Apache 207Wieso tust du dir das an?
8%
Alle Nr.-1-Hits in Deutschland seit 20002019Samra & Capital BraZombie
8%
Alle Nr.-1-Hits in Deutschland seit 20002020Shirin David90-60-111
6%
Alle Nr.-1-Hits in Deutschland seit 20002003OutlandishAïcha
6%
Alle Nr.-1-Hits in Deutschland seit 20002020Apache 207Boot
6%
Alle Nr.-1-Hits in Deutschland seit 20002016Matt SimonsCatch & Release (Deepend Remix)
6%
Alle Nr.-1-Hits in Deutschland seit 20002010Mehrzad MarashiDon't Believe
6%
Alle Nr.-1-Hits in Deutschland seit 20002006Mike Leon GroschDon't Let It Get You Down
6%
Alle Nr.-1-Hits in Deutschland seit 20002020Ramon RosellyEine Nacht
6%
Alle Nr.-1-Hits in Deutschland seit 20002021MetallicaEnter Sandman
6%
Alle Nr.-1-Hits in Deutschland seit 20002018Liam Payne & Rita OraFor You
6%
Alle Nr.-1-Hits in Deutschland seit 20002018Bushido feat. Samra & Capital BraFür euch alle
6%
Alle Nr.-1-Hits in Deutschland seit 20002016Prince DamienGlücksmoment
6%
Alle Nr.-1-Hits in Deutschland seit 20002023Twenty4tim feat. Kitty KatHot or Not
6%
Alle Nr.-1-Hits in Deutschland seit 20002003PurIch denk an dich
6%
Alle Nr.-1-Hits in Deutschland seit 20002020AK Ausserkontrolle & Bonez MCIn meinem Benz
6%
Alle Nr.-1-Hits in Deutschland seit 20002019Loredana feat. MeroKein Plan
6%
Alle Nr.-1-Hits in Deutschland seit 20002021Shirin DavidLieben wir
6%
Alle Nr.-1-Hits in Deutschland seit 20002007Herbert GrönemeyerLied 1 - Stück vom Himmel
6%
Alle Nr.-1-Hits in Deutschland seit 20002018Capital Bra feat. JujuMelodien
6%
Alle Nr.-1-Hits in Deutschland seit 20002019Capital BraPrinzessa
6%
Alle Nr.-1-Hits in Deutschland seit 20002015Lost Frequencies feat. Janieck DevyReality
6%
Alle Nr.-1-Hits in Deutschland seit 20002020Bonez MCRoadrunner
6%
Alle Nr.-1-Hits in Deutschland seit 20002018Capital Bra feat. Luciano & EnoRoli Glitzer Glitzer
6%
Alle Nr.-1-Hits in Deutschland seit 20002019Kalazh44, Capital Bra & Samra feat. Nimo & LucianoRoyal Rumble
6%
Alle Nr.-1-Hits in Deutschland seit 20002020Jawsh 685 & Jason DeruloSavage Love (Laxed - Siren Beat)
6%
Alle Nr.-1-Hits in Deutschland seit 20002002No AngelsSomething About Us / Like Ice in the Sunshine
6%
Alle Nr.-1-Hits in Deutschland seit 20002016Kungs vs. Cookin' on 3 BurnersThis Girl
6%
Alle Nr.-1-Hits in Deutschland seit 20002005Robbie WilliamsTripping
6%
Alle Nr.-1-Hits in Deutschland seit 20002007Mark Medlock & Dieter BohlenYou Can Get It
6%
Alle Nr.-1-Hits in Deutschland seit 20002021Apache 207Angst
4%
Alle Nr.-1-Hits in Deutschland seit 20002020Loredana feat. RymezAngst
4%
Alle Nr.-1-Hits in Deutschland seit 20002021Shirin David feat. Kitty KatBe a Hoe/Break a Hoe
4%
Alle Nr.-1-Hits in Deutschland seit 20002021Saweetie feat. Doja Cat & Katja KrasaviceBest Friend (Remix)
4%
Alle Nr.-1-Hits in Deutschland seit 20002021RAF Camora feat. Bonez MCBlaues Licht
4%
Alle Nr.-1-Hits in Deutschland seit 20002019Capital BraCherry Lady
4%
Alle Nr.-1-Hits in Deutschland seit 20002008Söhne MannheimsDas hat die Welt noch nicht gesehen
4%
Alle Nr.-1-Hits in Deutschland seit 20002019Capital BraDer Bratan bleibt der gleiche
4%
Alle Nr.-1-Hits in Deutschland seit 20002006Tokio HotelDer letzte Tag
4%
Alle Nr.-1-Hits in Deutschland seit 20002004Yvonne CatterfeldDu hast mein Herz gebrochen
4%
Alle Nr.-1-Hits in Deutschland seit 20002021Bonez MC feat. FrauenarztExtasy
4%
Alle Nr.-1-Hits in Deutschland seit 20002019SamraHarami
4%
Alle Nr.-1-Hits in Deutschland seit 20002019MeroHobby Hobby
4%
Alle Nr.-1-Hits in Deutschland seit 20002004Sarah Connor feat. NaturalJust One Last Dance
4%
Alle Nr.-1-Hits in Deutschland seit 20002010Eminem feat. RihannaLove the Way You Like
4%
Alle Nr.-1-Hits in Deutschland seit 20002002EnyaMay It Be
4%
Alle Nr.-1-Hits in Deutschland seit 20002003No AngelsNo Angel (It's All in Your Mind) / Venus
4%
Alle Nr.-1-Hits in Deutschland seit 20002007Mark MedlockNow or Never
4%
Alle Nr.-1-Hits in Deutschland seit 20002021Kasimir1441 feat. Badmómzjay & WildbwoysOhne Dich
4%
Alle Nr.-1-Hits in Deutschland seit 20002018Pietro LombardiPhänomenal
4%
Alle Nr.-1-Hits in Deutschland seit 20002006Robbie WilliamsRudebox
4%
Alle Nr.-1-Hits in Deutschland seit 20002008Mark MedlockSummer Love
4%
Alle Nr.-1-Hits in Deutschland seit 20002020Die ÄrzteTrue Romance
4%
Alle Nr.-1-Hits in Deutschland seit 20002007Tokio HotelÜbers Ende der Welt
4%
Alle Nr.-1-Hits in Deutschland seit 20002003Die ÄrzteUnrockbar
4%
Alle Nr.-1-Hits in Deutschland seit 20002019Samra & Capital BraWieder Lila
4%
Alle Nr.-1-Hits in Deutschland seit 20002019Capital Bra feat. SamraWir ticken
4%
Alle Nr.-1-Hits in Deutschland seit 20002021RAF Camora feat. Luciano2CB
2%
Alle Nr.-1-Hits in Deutschland seit 20002020Bonez MCAngeklagt
2%
Alle Nr.-1-Hits in Deutschland seit 20002020Bonez MCBig Body Benz
2%
Alle Nr.-1-Hits in Deutschland seit 20002005Ch!pzCowboy
2%
Alle Nr.-1-Hits in Deutschland seit 20002020Loredana & ZunaDu bist mein
2%
Alle Nr.-1-Hits in Deutschland seit 20002020Ufo361Emotions
2%
Alle Nr.-1-Hits in Deutschland seit 20002003AlexanderFree Like the Wind
2%
Alle Nr.-1-Hits in Deutschland seit 20002020Capital Bra feat. CroFrühstück in Paris
2%
Alle Nr.-1-Hits in Deutschland seit 20002020Bonez MCFuckst mich nur ab
2%
Alle Nr.-1-Hits in Deutschland seit 20002021Apache 207Kapitel II Vodka
2%
Alle Nr.-1-Hits in Deutschland seit 20002020SamraKennst du das ?!
2%
Alle Nr.-1-Hits in Deutschland seit 20002020The Rolling StonesLiving in a Ghost Town
2%
Alle Nr.-1-Hits in Deutschland seit 20002004Sarah ConnorLiving to Love You
2%
Alle Nr.-1-Hits in Deutschland seit 20002021ShindyMandarinen
2%
Alle Nr.-1-Hits in Deutschland seit 20002020Capital Bra & LoredanaNicht verdient
2%
Alle Nr.-1-Hits in Deutschland seit 20002019Capital Bra & SamraNummer 1
2%
Alle Nr.-1-Hits in Deutschland seit 20002020SamraRohdiamant ٢٠٢٠
2%
Alle Nr.-1-Hits in Deutschland seit 20002021Loredana & MozzikRosenkrieg
2%
Alle Nr.-1-Hits in Deutschland seit 20002020Apache 207Sie ruft
2%
Alle Nr.-1-Hits in Deutschland seit 20002016Justin TimberlakeCan't Stop this Feeling!
0%

Verteilung der Resultate

Perzentil nach korrekt beantworteten Fragen

Anzahl Personen mit jedem Resultat

Ihre Resultats-Entwicklung

Sie haben dieses Quiz seit der letzten Aktualisierung nicht gespielt